000
00302nam a22001217a 4500
082
_a
951
_b
CHI
100
_a
Chinese Artists
245
_a
Chinese Artists in Painting & Calligraphy (Chinese Language)
_c
Chinese Artists
260
_c
2011
300
_a
146p
563
_a
PB
942
_2
ddc
_c
BK
999
_c
591302
_d
591302